Sociology <The> Core
Guardado en:
| Autor principal: | |
|---|---|
| Formato: | Libro |
| Lenguaje: | inglés |
| Publicado: |
New York
MacGraw-Hill Publ. Co.
1990
|
| Edición: | 2. ed. |
| Materias: | |
| Etiquetas: |
Sin Etiquetas, Sea el primero en etiquetar este registro!
|
MARC
| LEADER | 00000nam a2200000 4500 | ||
|---|---|---|---|
| 001 | c009586 | ||
| 005 | 20221206123043.3 | ||
| 020 | |a 0-07-066951-1 | ||
| 041 | 0 | |a eng | |
| 044 | |a US | ||
| 245 | 1 | 0 | |a Sociology |b <The> Core |c James W. Vander Zanden |
| 250 | |a 2. ed. | ||
| 264 | 1 | |a New York |b MacGraw-Hill Publ. Co. |c 1990 | |
| 300 | |a 433 s. | ||
| 610 | 2 | 0 | |a sociológia |
| 610 | 2 | 0 | |a kultúra |
| 610 | 2 | 0 | |a štruktúra sociálna |
| 610 | 2 | 0 | |a skupiny sociálne |
| 100 | 1 | |a Vander Zanden, James W. | |